[Event "Roosendaal LBV op-A"]
[Site "Roosendaal"]
[Date "2012.08.19"]
[Round "6"]
[White "Punt, Roland"]
[Black "Broekmeulen, Joris"]
[Result "0-1"]
[WhiteElo "2112"]
[BlackElo "1999"]
[PlyCount "56"]
[EventDate "2012.08.16"]
[EventType "swiss"]
[EventRounds "6"]
[EventCountry "NED"]
[SourceTitle "CBM 150 Extra"]
[Source "ChessBase"]
[SourceDate "2012.10.19"]
[SourceVersion "1"]
[SourceVersionDate "2012.10.19"]
[SourceQuality "1"]

1. e4 d6 2. Nc3 e5 3. g3 Nf6 4. Bg2 Be7 5. Nge2 c6 6. 0-0 0-0 7. h3 Re8 8. g4 h6 9. Ng3 Nbd7 10. d3 Nf8 11. f4 exf4 12. Bxf4 Ng6 13. Be3 Be6 14. d4 d5 15. e5 Nd7 16. Nf5 Bf8 17. Ne2 Qb6 18. b3 a5 19. Neg3 a4 20. Qd2 c5 21. Bxh6 cxd4 22. Bxg7 Bxg7 23. Nxg7 Kxg7 24. Qg5 d3+ 25. Kh1 Qd4 26. Nh5+ Kh7 27. Nf6+ Nxf6 28. exf6 Qe5 0-1

[Event "Roosendaal LBV op-A"]
[Site "Roosendaal"]
[Date "2012.08.17"]
[Round "3"]
[White "Punt, Roland"]
[Black "Sziva, Erika"]
[Result "0-1"]
[WhiteElo "2112"]
[BlackElo "2268"]
[PlyCount "56"]
[EventDate "2012.08.16"]
[EventType "swiss"]
[EventRounds "6"]
[EventCountry "NED"]
[SourceTitle "CBM 150 Extra"]
[Source "ChessBase"]
[SourceDate "2012.10.19"]
[SourceVersion "1"]
[SourceVersionDate "2012.10.19"]
[SourceQuality "1"]

1. e4 c5 2. Nf3 e6 3. b3 b6 4. Nc3 Bb7 5. Bd3 a6 6. 0-0 Qc7 7. Re1 Be7 8. e5 Nc6 9. Bb2 f5 10. exf6 Nxf6 11. Ne4 Nb4 12. Nxf6+ gxf6 13. Bf1 Qf4 14. Re3 Qf5 15. Nh4 Qg5 16. g3 Rg8 17. Bg2 Nd5 18. Re1 Bc6 19. a3 Qxh4 20. gxh4 Nf4 21. f3 Rxg2+ 22. Kh1 Rf2 23. Re3 Kf7 24. Qe1 Nh3 25. Qxf2 Nxf2+ 26. Kg2 Ng4 27. Re2 Rg8 28. h3 Ne5+ 0-1

[Event "Amsterdam Science Park op-A 2nd"]
[Site "Amsterdam"]
[Date "2012.07.15"]
[Round "2"]
[White "Punt, Roland"]
[Black "Vereggen, Lars"]
[Result "0-1"]
[WhiteElo "2141"]
[BlackElo "2051"]
[PlyCount "76"]
[EventDate "2012.07.14"]
[EventType "swiss"]
[EventRounds "9"]
[EventCountry "NED"]
[SourceTitle "CBM 149 Extra"]
[Source "ChessBase"]
[SourceDate "2012.08.24"]
[SourceVersion "1"]
[SourceVersionDate "2012.08.24"]
[SourceQuality "1"]

1. e4 c5 2. Nf3 d6 3. Bb5+ Bd7 4. Bxd7+ Qxd7 5. c4 g6 6. Nc3 Bg7 7. d4 cxd4 8. Nxd4 Nc6 9. Nde2 Nf6 10. 0-0 0-0 11. f3 Rfd8 12. Kh1 e6 13. Bg5 h6 14. Bh4 g5 15. Bg3 d5 16. exd5 exd5 17. Qa4 d4 18. Nb5 a6 19. Na3 d3 20. Nc3 Nh5 21. Bf2 Bxc3 22. bxc3 b5 23. cxb5 axb5 24. Qb3 Nf4 25. Nxb5 Na5 26. Qa4 Rdb8 27. Rab1 Qc6 28. Qe4 Qxe4 29. fxe4 Nc4 30. Rb4 Rxa2 31. Rxc4 Rxb5 32. Bd4 Rbb2 33. Rc8+ Kh7 34. Rh8+ Kg6 35. Bg1 Rxg2 36. Rxf4 gxf4 37. Rg8+ Kh7 38. Rxg2 Rxg2 0-1

[Event "Amsterdam Science Park op-A 2nd"]
[Site "Amsterdam"]
[Date "2012.07.14"]
[Round "1"]
[White "Bosboom, Manuel"]
[Black "Punt, Roland"]
[Result "1-0"]
[WhiteElo "2375"]
[BlackElo "2141"]
[PlyCount "55"]
[EventDate "2012.07.14"]
[EventType "swiss"]
[EventRounds "9"]
[EventCountry "NED"]
[SourceTitle "CBM 149 Extra"]
[Source "ChessBase"]
[SourceDate "2012.08.24"]
[SourceVersion "1"]
[SourceVersionDate "2012.08.24"]
[SourceQuality "1"]

1. c4 c6 2. Nf3 d5 3. Qc2 Nf6 4. b3 e6 5. Bb2 Be7 6. e3 0-0 7. Nc3 c5 8. g4 Nc6 9. g5 Ne8 10. Bd3 g6 11. h4 d4 12. a3 dxc3 13. Qxc3 e5 14. Be4 Nd6 15. Bxc6 bxc6 16. h5 Bg4 17. Nxe5 Ne4 18. hxg6 fxg6 19. Nxg4 Nxc3 20. Nh6+ Kg7 21. Bxc3+ Rf6 22. Ng4 Kg8 23. gxf6 Bf8 24. Ke2 Qd6 25. Rag1 Re8 26. Rxh7 Kxh7 27. f7 Re5 28. Bxe5 1-0

[Event "Goch op 20th"]
[Site "Goch"]
[Date "2009.10.03"]
[Round "5"]
[White "Punt, Roland"]
[Black "Kabos, Tobias"]
[Result "0-1"]
[WhiteElo "2098"]
[BlackElo "2175"]
[PlyCount "64"]
[EventDate "2009.10.01"]
[EventType "swiss"]
[EventRounds "7"]
[EventCountry "GER"]
[SourceTitle "EXT 2011"]
[Source "ChessBase"]
[SourceDate "2010.11.26"]
[SourceVersion "1"]
[SourceVersionDate "2010.11.26"]
[SourceQuality "1"]

1. e4 c6 2. Nf3 d5 3. exd5 cxd5 4. Ne5 Nf6 5. d4 Nc6 6. Bb5 Bd7 7. Nxd7 Qxd7 8. c3 e6 9. 0-0 Bd6 10. Nd2 0-0 11. Nf3 Ne4 12. Bd3 f5 13. c4 Rac8 14. cxd5 exd5 15. a3 Bb8 16. Bb1 Qd6 17. Qd3 Rf6 18. Ba2 Kh8 19. g3 f4 20. Bxf4 Rxf4 21. gxf4 Qg6+ 22. Ng5 Bxf4 23. h4 Bxg5 24. hxg5 Qxg5+ 25. Kh2 Qf4+ 26. Kg2 Ne5 27. dxe5 Rc6 28. Qh3 Rg6+ 29. Kh1 Rh6 30. Qxh6 Qxh6+ 31. Kg2 Qg5+ 32. Kf3 Nd2+ 0-1

[Event "Goch op 20th"]
[Site "Goch"]
[Date "2009.10.02"]
[Round "3"]
[White "Punt, Roland"]
[Black "De Jonge, Mattanja"]
[Result "1-0"]
[WhiteElo "2098"]
[BlackElo "1894"]
[PlyCount "95"]
[EventDate "2009.10.01"]
[EventType "swiss"]
[EventRounds "7"]
[EventCountry "GER"]
[SourceTitle "EXT 2011"]
[Source "ChessBase"]
[SourceDate "2010.11.26"]
[SourceVersion "1"]
[SourceVersionDate "2010.11.26"]
[SourceQuality "1"]

1. e4 Nf6 2. Nc3 d5 3. e5 d4 4. Nce2 Ng4 5. f4 h5 6. c3 c5 7. cxd4 cxd4 8. Nf3 Nc6 9. Ng3 e6 10. Bd3 Bd7 11. Qe2 Qb6 12. h3 Nh6 13. a3 Nf5 14. Nxf5 exf5 15. b4 Be6 16. Bb2 Rd8 17. 0-0 Be7 18. Qf2 a6 19. Rab1 g6 20. Kh1 h4 21. Rfc1 Kf8 22. Bc4 Bd5 23. d3 Bxf3 24. Qxf3 Kg7 25. Bd5 Rc8 26. Rc4 Rhd8 27. Rbc1 a5 28. Bxc6 bxc6 29. Qf2 axb4 30. axb4 Bxb4 31. Bxd4 c5 32. Ba1 Qe6 33. Qxh4 Rxd3 34. Kh2 Ba3 35. R1c2 Rd1 36. Qf6+ Kh7 37. Qxe6 fxe6 38. Bd4 Rxd4 39. Rxd4 cxd4 40. Rxc8 d3 41. Rc7+ Kh6 42. Rd7 Bc1 43. g3 d2 44. h4 Kh5 45. Kh3 Kh6 46. Kg2 Kh5 47. Kh3 Kh6 48. g4 1-0

[Event "Goch op 20th"]
[Site "Goch"]
[Date "2009.10.01"]
[Round "1"]
[White "Punt, Roland"]
[Black "Punt, Willem"]
[Result "1-0"]
[WhiteElo "2098"]
[BlackElo "1654"]
[PlyCount "33"]
[EventDate "2009.10.01"]
[EventType "swiss"]
[EventRounds "7"]
[EventCountry "GER"]
[SourceTitle "EXT 2011"]
[Source "ChessBase"]
[SourceDate "2010.11.26"]
[SourceVersion "1"]
[SourceVersionDate "2010.11.26"]
[SourceQuality "1"]

1. e4 Nf6 2. Nc3 d5 3. e5 d4 4. Nce2 Ne4 5. c3 Nc6 6. cxd4 e6 7. f3 Nb4 8. d3 Nxd3+ 9. Qxd3 Bb4+ 10. Nc3 Qh4+ 11. g3 Nxg3 12. hxg3 Bxc3+ 13. bxc3 Qxh1 14. Nh3 Bd7 15. Kf2 a6 16. Bg2 Qh2 17. Ba3 1-0

[Event "Dieren op"]
[Site "Dieren"]
[Date "2007.08.02"]
[Round "9"]
[White "Theulings, Paul Peter"]
[Black "Punt, Roland"]
[Result "1/2-1/2"]
[WhiteElo "2194"]
[BlackElo "2144"]
[PlyCount "24"]
[EventDate "2007.07.24"]
[EventType "swiss"]
[EventRounds "9"]
[EventCountry "NED"]
[SourceTitle "CBM 119 Extra"]
[Source "ChessBase"]
[SourceDate "2007.09.04"]
[SourceVersion "1"]
[SourceVersionDate "2007.09.04"]
[SourceQuality "1"]

1. Nf3 f5 2. d3 Nf6 3. e4 d6 4. Nc3 Nc6 5. Bg5 e5 6. exf5 Bxf5 7. d4 exd4 8. Nxd4 Nxd4 9. Qxd4 h6 10. Bxf6 Qxf6 11. Qxf6 gxf6 12. 0-0-0 Kd7 1/2-1/2

[Event "Dieren op"]
[Site "Dieren"]
[Date "2007.07.31"]
[Round "7"]
[White "Punt, Roland"]
[Black "Van Herwaarden, Arjen"]
[Result "1/2-1/2"]
[WhiteElo "2144"]
[BlackElo "2133"]
[PlyCount "43"]
[EventDate "2007.07.24"]
[EventType "swiss"]
[EventRounds "9"]
[EventCountry "NED"]
[SourceTitle "CBM 119 Extra"]
[Source "ChessBase"]
[SourceDate "2007.09.04"]
[SourceVersion "1"]
[SourceVersionDate "2007.09.04"]
[SourceQuality "1"]

1. c3 e5 2. c4 Nc6 3. Nc3 d6 4. g3 g5 5. e4 Bg7 6. d3 h6 7. Bg2 Nge7 8. h4 g4 9. h5 Be6 10. Nd5 Qd7 11. Ne2 f5 12. Be3 Nd8 13. Qd2 Ng8 14. Qa5 b6 15. Qa3 Bxd5 16. cxd5 Nf6 17. Rc1 0-0 18. Kd2 fxe4 19. dxe4 Nb7 20. Nc3 a5 21. Qa4 Qf7 22. Qd1 1/2-1/2

[Event "Haarlem op"]
[Site "Haarlem"]
[Date "2007.06.30"]
[Round "3"]
[White "Punt, Roland"]
[Black "Doggers, Peter"]
[Result "1/2-1/2"]
[WhiteElo "2144"]
[BlackElo "2233"]
[PlyCount "58"]
[EventDate "2007.06.29"]
[EventType "swiss"]
[EventRounds "6"]
[EventCountry "NED"]
[SourceTitle "EXT 2010"]
[Source "ChessBase"]
[SourceDate "2010.11.25"]
[SourceVersion "1"]
[SourceVersionDate "2010.11.25"]
[SourceQuality "1"]

1. e4 e5 2. Nc3 Nf6 3. g3 d5 4. exd5 Nxd5 5. Nge2 Nxc3 6. Nxc3 Be7 7. Bg2 0-0 8. 0-0 c6 9. Qe2 Bf5 10. d3 Nd7 11. a4 a5 12. Nd1 Re8 13. Ne3 Be6 14. Nc4 Qc7 15. Bd2 f6 16. d4 Bf7 17. dxe5 Nxe5 18. Nxe5 Bd6 19. Be3 Bxe5 20. c3 Qe7 21. Bb6 Bc7 22. Qxe7 Rxe7 23. Bxc7 Rxc7 24. Rfd1 Re7 25. Bf3 Kf8 26. Rd4 Rae8 27. Kg2 Re1 28. Rxe1 Rxe1 29. b4 axb4 1/2-1/2

[Event "Dieren op"]
[Site "Dieren"]
[Date "2006.07.29"]
[Round "5"]
[White "Punt, Roland"]
[Black "Nederlof, Jesper"]
[Result "1/2-1/2"]
[WhiteElo "2108"]
[BlackElo "1941"]
[PlyCount "82"]
[EventDate "2006.07.25"]
[EventType "swiss"]
[EventRounds "9"]
[EventCountry "NED"]
[SourceTitle "CBM 113 Extra"]
[Source "ChessBase"]
[SourceDate "2006.09.14"]
[SourceVersion "1"]
[SourceVersionDate "2006.09.14"]
[SourceQuality "1"]

1. e4 e6 2. d4 d5 3. Nd2 Nc6 4. Ngf3 Nf6 5. e5 Nd7 6. c3 f6 7. exf6 Qxf6 8. Nb3 Bd6 9. Bg5 Qf7 10. Bd3 e5 11. dxe5 Ndxe5 12. Be2 0-0 13. Bh4 h6 14. 0-0 Bf5 15. Nfd4 Nxd4 16. Nxd4 Be4 17. Bg3 a6 18. f3 Bg6 19. f4 Nc6 20. Nxc6 bxc6 21. Qa4 Qd7 22. Rad1 Rab8 23. b4 Be4 24. Rd2 a5 25. bxa5 Bc5+ 26. Kh1 Be3 27. Rdd1 Qf5 28. Qxc6 d4 29. Qc4+ Bd5 30. Qa4 Rb2 31. Bf3 Rxa2 32. Qb4 Bxf3 33. Rxf3 Qc2 34. Qc4+ Kh8 35. Qf1 c5 36. cxd4 cxd4 37. f5 Rxa5 38. f6 g6 39. f7 Rf5 40. Rxf5 Qxf5 41. Qxf5 gxf5 1/2-1/2

[Event "Dieren op"]
[Site "Dieren"]
[Date "2006.07.28"]
[Round "4"]
[White "Van Kerkhof, David"]
[Black "Punt, Roland"]
[Result "0-1"]
[WhiteElo "2196"]
[BlackElo "2108"]
[PlyCount "46"]
[EventDate "2006.07.25"]
[EventType "swiss"]
[EventRounds "9"]
[EventCountry "NED"]
[SourceTitle "CBM 113 Extra"]
[Source "ChessBase"]
[SourceDate "2006.09.14"]
[SourceVersion "1"]
[SourceVersionDate "2006.09.14"]
[SourceQuality "1"]

1. e4 c5 2. Nf3 Nc6 3. d4 cxd4 4. Nxd4 Nf6 5. Nc3 e5 6. Ndb5 d6 7. Bg5 a6 8. Na3 b5 9. Nd5 Be7 10. Bxf6 Bxf6 11. c3 Ne7 12. Nc2 Nxd5 13. exd5 Bg5 14. Be2 f5 15. 0-0 0-0 16. a4 bxa4 17. Rxa4 a5 18. Bb5 f4 19. b4 f3 20. g3 Bf5 21. Bc6 Ra7 22. Na3 Qc8 23. Nb5 Bc2 0-1

[Event "Dieren op"]
[Site "Dieren"]
[Date "2005.07.30"]
[Round "4"]
[White "Punt, Roland"]
[Black "Van Zutphen, Jimmy"]
[Result "0-1"]
[WhiteElo "2087"]
[BlackElo "2216"]
[PlyCount "86"]
[EventDate "2005.07.26"]
[EventType "swiss"]
[EventRounds "9"]
[EventCountry "NED"]
[SourceTitle "CBM 107 Extra"]
[Source "ChessBase"]
[SourceDate "2005.09.01"]
[SourceVersion "1"]
[SourceVersionDate "2005.09.01"]
[SourceQuality "1"]

1. e4 c5 2. Nf3 Nc6 3. Bb5 g6 4. 0-0 Bg7 5. c3 Nf6 6. Re1 0-0 7. d4 cxd4 8. cxd4 d5 9. e5 Ne4 10. Nc3 Nxc3 11. bxc3 Qa5 12. Qb3 Bg4 13. Re3 Rac8 14. Ba3 Bh6 15. Rd3 Bf5 16. Rdd1 Bc2 17. Qxc2 Qxb5 18. Qb3 Qa6 19. Ne1 Rc7 20. Nd3 b6 21. f4 Rd8 22. Qb2 Rdc8 23. Rac1 Qc4 24. e6 fxe6 25. Qf2 Bg7 26. Qe3 Nd8 27. g4 Qa4 28. Bb2 Qd7 29. Rd2 Nb7 30. Rg2 Nd6 31. h4 Nc4 32. Qe2 Nxb2 33. Qxb2 Rxc3 34. Rxc3 Bxd4+ 35. Kh2 Rxc3 36. Qe2 Bg7 37. h5 Rc4 38. hxg6 hxg6 39. g5 Re4 40. Qg4 Qd6 41. Rc2 Rc4 42. Re2 e5 43. Qh3 e4 0-1